00741nam a22002297a 450000500170000001000260001702000260004303500130006903500170008203500130009903700170011203700130012908200100014210000170015224501710016925000240034026000370036427000390040130000340044050000190047470000180049320170710110219.0 a1516EN07 ENG-114743  a9788121905480c295.00 aEN-98275 aB-612252-282 aB-667961 aDPLbTechniz bDBAD/PUB a581.5 aShukla, R.S. aA textbook of plant ecology :cby R.S. Shukla [and] P.S. Chandel bincluding ethnobotany and soil science for B.Sc. II,B.Sc. III ,M.Sc. and competitive examinations / a12th rev. & enl. ed aNew DelhibS. Chandc2015(repr.) a7361, Ram NagarbNew Delhie110055 avii, 526p. :bill.c24cm(pbk) aIncludes index aChandel, P.S.